书目信息 |
| 题名: |
大学生职业指导
|
|
| 作者: | 王兆明 , 顾坤华 主编 | |
| 分册: | ||
| 出版信息: | 苏州 苏州大学出版社 2009.08 |
|
| 页数: | 294页 | |
| 开本: | 23cm | |
| 丛书名: | ||
| 单 册: | ||
| 中图分类: | G647.38 | |
| 科图分类: | ||
| 主题词: | 职业选择--zhi ye xuan ze--高等学校--教材 | |
| 电子资源: | ||
| ISBN: | 978-7-81137-149-9 | |
| 000 | 01029nam0 2200289 450 | |
| 001 | 012010831175 | |
| 005 | 20100103092428.46 | |
| 010 | @a978-7-81137-149-9@dCNY21.80 | |
| 100 | @a20100103d2009 em y0chiy0120 ea | |
| 101 | 0 | @achi |
| 102 | @aCN@b320000 | |
| 105 | @ay a 000yy | |
| 106 | @ar | |
| 200 | 1 | @a大学生职业指导@Ada xue sheng zhi ye zhi dao@e职业生涯规划@f王兆明, 顾坤华主编@Fwang zhao ming,gu kun hua zhu bian |
| 205 | @a修订版 | |
| 210 | @a苏州@c苏州大学出版社@d2009.08 | |
| 215 | @a294页@d23cm | |
| 300 | @a普通高等教育“十一五”国家级规划教材 江苏省高等学校精品教材 | |
| 320 | @a有书目 (第290-291页) | |
| 330 | @a本书共分为七章,内容包括:导论、职业理想、职业生涯设计、职业道德、职业观念、职业心理、职业能力。 | |
| 517 | 1 | @a职业生涯规划@Azhi ye sheng ya gui hua |
| 606 | 0 | @a职业选择@Azhi ye xuan ze@x高等学校@j教材 |
| 690 | @aG647.38@v4 | |
| 701 | 0 | @a王兆明@Awang zhao ming@4主编 |
| 701 | 0 | @a顾坤华@Agu kun hua@4主编 |
| 801 | 0 | @aCN@bQSSK@c20100103 |
| 905 | @b770107-09@dG647.38@eW454@f3 | |
| 大学生职业指导:职业生涯规划/王兆明, 顾坤华主编.-修订版.-苏州:苏州大学出版社,2009.08 |
| 294页;23cm |
| 普通高等教育“十一五”国家级规划教材 江苏省高等学校精品教材 |
| ISBN 978-7-81137-149-9:CNY21.80 |
| 本书共分为七章,内容包括:导论、职业理想、职业生涯设计、职业道德、职业观念、职业心理、职业能力。 |
| ● |
| 相关链接 |
|
|
|
正题名:大学生职业指导
索取号:G647.38/W454
 
预约/预借
| 序号 | 登录号 | 条形码 | 馆藏地/架位号 | 状态 | 备注 |
| 1 | 770107 | 207701076 | 社科库409/409社科库 14排1列3层/ [索取号:G647.38/W454] | 在馆 | |
| 2 | 770108 | 207701085 | 社科库409/409社科库 14排1列3层/ [索取号:G647.38/W454] | 在馆 | |
| 3 | 770109 | 207701094 | 社科库409/409社科库 14排1列3层/ [索取号:G647.38/W454] | 在馆 |